Résultats des candidats à l’élection présidentielle 2002 - Statistiques

Statistiques générales
  • Ce quiz a été pris 68 fois
  • Le résultat moyen est 7 sur 16
Statistiques - réponses
Parti Score Candidat % Correct
RPR 1er tour : 19,88%2nd tour : 82,21% Jacques Chirac
100%
Front National 1er tour : 16,86%2nd tour : 17,79% Jean-Marie Le Pen
100%
Parti Socialiste 16,18% Lionel Jospin
89%
Lutte Ouvrière 5,72% Arlette Laguiller
64%
UDF 6,84% François Bayrou
61%
Parti CommunisteFrançais 3,37% Robert Hue
56%
Ligue CommunisteRévolutionnaire 4,25% Olivier Besancenot
48%
Les Verts 5,25% Noël Mamère
44%
Parti Radical de Gauche 2,32% Christiane Taubira
34%
Mouvements DesCitoyens 5,33% Jean-Pierre Chevènement
34%
Mouvement NationalRépublicain 2,34% Bruno Mégret
30%
Démocratie Libérale 3,91% Alain Madelin
25%
Cap21 1,88% Corinne Lepage
20%
Parti des Travailleurs 0,47% Daniel Gluckstein
18%
CPNT 4,23% Jean Saint-Josse
15%
FRS 1,19% Christine Boutin
13%
Aucun quiz correspondant
Distribution des résultats
% des personnes avec chaque résultat
Percentile par nombre de réponses
Votre historique - résultats
Vous n’avez pas pris ce quiz